[Event "Asia-ch U20"]
[Site "Waskaduwa"]
[Date "2025.06.30"]
[Round "6"]
[White "Budhidharma, Nayaka"]
[Black "Rakhmatullaev, Muhammadsoli"]
[Result "0-1"]
[WhiteElo "2369"]
[BlackElo "2154"]
[PlyCount "66"]
[EventDate "2025.06.27"]
[EventType "swiss"]
[EventRounds "9"]
[EventCountry "SRI"]
[SourceTitle "CB28_2025"]
[SourceDate "2025.07.09"]
[SourceVersion "1"]
[SourceVersionDate "2025.07.09"]
[SourceQuality "1"]

1. e4 c5 2. Nf3 d6 3. d4 cxd4 4. Nxd4 Nf6 5. Nc3 a6 6. Bc4 e6 7. Be3 b5 8. Bb3 Bb7 9. Qe2 b4 10. Na4 Nxe4 11. f3 Nf6 12. 0-0-0 Be7 13. Nxe6 fxe6 14. Bb6 Qc8 15. Bxe6 Qc6 16. Rhe1 Qxa4 17. Bc8 Be4 18. Bb7 Qb5 19. fxe4 Qxb6 20. Bxa8 Nbd7 21. Qc4 Qc5 22. Qxa6 0-0 23. Kb1 Nb6 24. Bb7 Ng4 25. Qe2 Rf2 26. Qd3 Ne5 27. Qb3+ Kf8 28. Rf1 Rxf1 29. Rxf1+ Bf6 30. Qe6 Nec4 31. Rd1 Bxb2 32. Bd5 Na3+ 33. Kxb2 Qc3+ 0-1

[Event "Asia-ch U20"]
[Site "Waskaduwa"]
[Date "2025.06.29"]
[Round "4"]
[White "Velarde, Jerish John"]
[Black "Rakhmatullaev, Muhammadsoli"]
[Result "1/2-1/2"]
[WhiteElo "2064"]
[BlackElo "2154"]
[PlyCount "91"]
[EventDate "2025.06.27"]
[EventType "swiss"]
[EventRounds "9"]
[EventCountry "SRI"]
[SourceTitle "CB28_2025"]
[SourceDate "2025.07.09"]
[SourceVersion "1"]
[SourceVersionDate "2025.07.09"]
[SourceQuality "1"]

1. d4 Nf6 2. c4 e6 3. Nc3 Bb4 4. f3 c5 5. d5 b5 6. e4 d6 7. Bd2 a6 8. Qc2 0-0 9. 0-0-0 Nbd7 10. Bf4 e5 11. Bg5 Bxc3 12. bxc3 bxc4 13. Kb1 Nb6 14. Ka1 Bd7 15. Rb1 Rb8 16. g4 Ba4 17. Qc1 Nbd7 18. Rxb8 Qxb8 19. h3 Qb5 20. Rh2 Rb8 21. Rb2 Qxb2+ 22. Qxb2 Rxb2 23. Kxb2 Nb6 24. Bxf6 gxf6 25. Kc1 Kg7 26. Ne2 Kg6 27. h4 Bd7 28. Ng3 a5 29. Be2 h6 30. Nf1 Kg7 31. Ne3 Kf8 32. Kd2 Ke7 33. Nc2 Bb5 34. Ne3 Bd7 35. Bxc4 Kd8 36. Kd3 Kc7 37. Nc2 Ba4 38. Ne3 Bd7 39. Nc2 Ba4 40. Na3 Nxc4 41. Kxc4 Bd1 42. Kd3 Bxf3 43. Nc4 Bxg4 44. Ne3 Bd7 45. c4 h5 46. Nf5 1/2-1/2

[Event "Karshi op 3rd"]
[Site "Karshi"]
[Date "2025.05.06"]
[Round "2"]
[White "Rakhmatullaev, Muhammadsoli"]
[Black "Saydaliev, Saidakbar"]
[Result "0-1"]
[WhiteElo "2105"]
[BlackElo "2460"]
[PlyCount "168"]
[EventDate "2025.05.05"]
[EventType "swiss"]
[EventRounds "9"]
[EventCountry "UZB"]
[SourceTitle "CB20_2025"]
[SourceDate "2025.05.14"]
[SourceVersion "1"]
[SourceVersionDate "2025.05.14"]
[SourceQuality "1"]

1. e4 c5 2. Nf3 d6 3. Bb5+ Nd7 4. 0-0 Ngf6 5. Re1 a6 6. Bf1 b6 7. d4 cxd4 8. Nxd4 Bb7 9. Nc3 e6 10. a4 Rc8 11. f3 Be7 12. Be3 0-0 13. Qd2 Qc7 14. Rad1 Ne5 15. Qf2 Nfd7 16. Qg3 Rfe8 17. f4 Nc4 18. Bc1 Bf8 19. b3 Na5 20. Bb2 g6 21. f5 Bg7 22. fxe6 fxe6 23. Kh1 Be5 24. Qh3 Nf8 25. Rd3 Qg7 26. Qe3 Qc7 27. Nf3 Bg7 28. e5 dxe5 29. Nxe5 Nc6 30. Nxc6 Qxc6 31. Nd1 Qxc2 32. Bxg7 Kxg7 33. Rd6 Kg8 34. Rxb6 Rc7 35. Nf2 Rf7 36. Re2 Qf5 37. Kg1 Rc8 38. h3 Qb1 39. Re1 Qb2 40. Re2 Qf6 41. Rxb7 Rxb7 42. Ne4 Qd8 43. Rf2 Qb6 44. Nf6+ Kh8 45. Qe5 Rg7 46. Bc4 a5 47. Kf1 Qc7 48. Qc3 Nd7 49. Nxd7 Qxd7 50. Qxa5 Qd4 51. Qd2 Qe5 52. a5 Ra7 53. a6 Rxa6 54. Bxa6 Qa1+ 55. Ke2 Qxa6+ 56. Kf3 Qb7+ 57. Kg3 Qxb3+ 58. Kh2 Qb8+ 59. Kg1 Qe5 60. Re2 Qc5+ 61. Kh2 Qc7+ 62. Kg1 e5 63. Qd5 Qc5+ 64. Qxc5 Rxc5 65. Ra2 Rc7 66. Ra6 Re7 67. Kf2 Kg7 68. Ke3 Kf7 69. Ke4 h5 70. g4 hxg4 71. hxg4 Re6 72. Ra3 Kf6 73. Kf3 Kg5 74. Kg3 Rd6 75. Re3 Rd5 76. Re4 Rd3+ 77. Kf2 Kf6 78. Ra4 Rd4 79. Ra6+ Kg5 80. Re6 Rf4+ 81. Ke3 Rf6 82. Rxe5+ Kxg4 83. Re4+ Kg3 84. Re5 Rf5 0-1

[Event "Korumdu Issykkul op-B"]
[Site "Korumdu"]
[Date "2024.06.25"]
[Round "6"]
[White "Sultangaziev, Amir"]
[Black "Rakhmatullaev, Muhammadsoli"]
[Result "0-1"]
[WhiteElo "1869"]
[BlackElo "1691"]
[PlyCount "92"]
[EventDate "2024.06.22"]
[EventType "swiss"]
[EventRounds "10"]
[EventCountry "KGZ"]
[SourceTitle "EXT 2025"]
[Source "ChessBase"]
[SourceDate "2024.10.14"]
[SourceVersion "1"]
[SourceVersionDate "2024.10.14"]
[SourceQuality "1"]

1. d4 Nf6 2. Nf3 e6 3. c4 d5 4. g3 Bb4+ 5. Nbd2 dxc4 6. Bg2 b5 7. 0-0 0-0 8. a4 c6 9. Qc2 Bb7 10. e4 Nbd7 11. e5 Nd5 12. Ne4 h6 13. Bd2 Qe7 14. Bxb4 Nxb4 15. Qd2 a5 16. Nd6 Rfb8 17. axb5 cxb5 18. Nxb5 Nb6 19. Nd6 Bd5 20. Rfc1 Qd7 21. Rc3 Ra7 22. Rca3 Nc8 23. Nxc8 Qxc8 24. Ne1 Bxg2 25. Nxg2 Rab7 26. Ne3 Nd3 27. b3 Rxb3 28. Rxb3 Rxb3 29. Rxa5 Rb1+ 30. Kg2 Qc6+ 31. d5 exd5 32. Nxd5 Ne1+ 33. Kh3 Qe6+ 34. g4 Qxe5 35. Ne3 Qxh2+ 36. Kxh2 Nf3+ 37. Kg2 Nxd2 38. Rc5 Rc1 39. Rc7 c3 40. f3 Nb1 41. Kf2 Na3 42. Ke2 c2 43. Kd2 Rh1 44. Rc3 Nb1+ 45. Kxc2 Nxc3 46. Kxc3 Rh3 0-1